[Event "World Blitz 2023"]
[Site "Samarkand UZB"]
[Date "2023.12.30"]
[Round "12.29"]
[White "Ter-Sahakyan, Samvel"]
[Black "Gurel, Ediz"]
[Result "1/2-1/2"]
[WhiteElo "2556"]
[BlackElo "2359"]
[EventDate "2023.12.29"]

1. e4 c5 2. Nf3 e6 3. g3 Nc6 4. Bg2 Nf6 5. d3 d5 6. Qe2 Be7 7. e5 Nd7 8. c4
O-O 9. O-O d4 10. h4 a6 11. Bf4 b5 12. Nbd2 Bb7 13. b3 bxc4 14. bxc4 Rb8
15. Ne4 Qc7 16. Rfe1 Ba8 17. Nd6 Ncxe5 18. Nxf7 Bxf3 19. Bxe5 Bxe2 20. Bxc7
Rb2 21. Ng5 Bxg5 22. hxg5 Bxd3 23. Bh3 Bxc4 24. Rac1 Bxa2 25. f4 Rc8 26.
Ba5 Nf8 27. f5 exf5 28. Bxf5 Rcb8 29. Bc7 R8b7 30. Rxc5 R2b5 31. Rxb5 Rxb5
32. Bd3 Rxg5 33. Bxa6 Bd5 34. Re8 Kf7 35. Rb8 Ne6 36. Bd6 h5 37. Kf2 Rf5+
38. Ke2 Kg6 39. Bd3 Kg5 40. Bxf5 Kxf5 41. Re8 g5 42. Rh8 Kg4 43. Kd3 h4 44.
gxh4 gxh4 45. Be5 h3 46. Bd6 Bc6 47. Be5 Bb5+ 48. Ke4 d3 49. Ke3 Ng5 50.
Rg8 Kf5 51. Bh2 Ne6 52. Rb8 Bc6 53. Rb6 Ba4 54. Kxd3 Nf4+ 55. Kd4 Bd7 56.
Rb7 Be6 57. Rb5+ Kg4 58. Ke5 Bc4 59. Rb8 Ne2 60. Ke4 Bf7 61. Rb7 Bg6+ 62.
Ke3 Nc3 63. Rd7 Kf5 64. Rd4 Ke6 65. Rd6+ Kf7 66. Kf4 Nb5 67. Rb6 Nd4 68.
Ke3 Ne6 69. Rb7+ Kf6 70. Rb6 Bf5 71. Kf3 Kg5 72. Be5 Kg6 73. Kg3 Kg5 74.
Rb8 Kg6 75. Rg8+ Kf7 76. Ra8 Kg6 77. Ra5 Kg5 78. Bc3 Kg6 79. Bd2 Kf6 80.
Be3 Kg6 81. Ra6 Kf6 82. Bd4+ Kg5 83. Be3+ Kf6 84. Ra7 Ke5 85. Bh6 Kf6 86.
Bc1 Kg6 87. Bd2 Kf6 88. Be1 Kg6 89. Bf2 Kf6 90. Bg1 Kg6 91. Bh2 Kf6 92. Kh4
Kg6 93. Ra6 Kf6 94. Kh5 Bd3 95. Ra5 Bf5 96. Kh4 Kg6 97. Be5 Ng5 98. Ra6+
Ne6 99. Bh2 Kf6 100. Kh5 Bd3 101. Ra3 Bf5 102. Kh6 Bg4 103. Rg3 Kf5 104.
Rg1 1/2-1/2

[Event "World Blitz 2023"]
[Site "Samarkand UZB"]
[Date "2023.12.30"]
[Round "12.30"]
[White "Ganguly, Surya Shekhar"]
[Black "Gokerkan, Cem Kaan"]
[Result "0-1"]
[WhiteElo "2549"]
[BlackElo "2365"]
[EventDate "2023.12.29"]

1. e4 c5 2. Nf3 d6 3. d4 cxd4 4. Nxd4 Nf6 5. Nc3 e5 6. Bb5+ Nbd7 7. Nf5 a6
8. Bc4 b5 9. Bd5 Rb8 10. Bg5 b4 11. Na4 g6 12. Ne3 Be7 13. Bh6 Bf8 14. Bxf8
Kxf8 15. O-O Kg7 16. Qd2 Qe7 17. a3 a5 18. Rfd1 Rd8 19. c3 Bb7 20. Bxb7
Rxb7 21. f3 Nb6 22. Nxb6 Rxb6 23. axb4 axb4 24. cxb4 d5 25. exd5 Rxb4 26.
Qf2 Qb7 27. Ra7 Qb6 28. Rd2 Rd4 29. Ra1 Nxd5 30. Nxd5 R8xd5 31. Rxd4 0-1

[Event "World Blitz 2023"]
[Site "Samarkand UZB"]
[Date "2023.12.30"]
[Round "12.31"]
[White "Bilguun, Sumiya"]
[Black "Najer, Evgeniy"]
[Result "0-1"]
[WhiteElo "2407"]
[BlackElo "2545"]
[EventDate "2023.12.29"]

1. e4 e6 2. d4 d5 3. Bd3 dxe4 4. Bxe4 Nf6 5. Bf3 Bd6 6. c4 O-O 7. Ne2 e5 8.
dxe5 Bxe5 9. Qxd8 Rxd8 10. Nbc3 c6 11. Bf4 Bxf4 12. Nxf4 Bf5 13. h3 Na6 14.
g4 Bd3 15. Nxd3 Rxd3 16. Be2 Re8 17. Rd1 Rxd1+ 18. Kxd1 h6 19. a3 Nc5 20.
f3 a5 21. Kc2 a4 22. Rd1 Kf8 23. h4 Nfd7 24. f4 Re3 25. g5 Ke7 26. Bg4 Nb6
27. Be2 Rh3 28. h5 hxg5 29. fxg5 Rg3 30. h6 gxh6 31. gxh6 Rh3 32. Bg4 Rxh6
33. Re1+ Kd6 34. Be2 f5 35. Kb1 Rh4 36. Rf1 Ke5 37. Bd1 Rxc4 38. Bc2 f4 39.
Ne2 Nd5 40. Re1 Ne3 41. Nc3 Kf6 42. Bd1 Nxd1 43. Rxd1 Ne4 44. Ne2 f3 45.
Nc1 f2 46. Ka2 Rxc1 47. Rxc1 Nd2 0-1

[Event "World Blitz 2023"]
[Site "Samarkand UZB"]
[Date "2023.12.30"]
[Round "12.32"]
[White "Omonov, Asrorjon"]
[Black "Christiansen, Johan-Sebastian"]
[Result "0-1"]
[WhiteElo "2069"]
[BlackElo "2541"]
[EventDate "2023.12.29"]

1. d4 Nf6 2. c4 c5 3. d5 b5 4. cxb5 a6 5. b6 e6 6. Nc3 exd5 7. Nxd5 Nxd5 8.
Qxd5 Nc6 9. e4 Be7 10. Bc4 O-O 11. Nf3 Qxb6 12. O-O d6 13. Qd1 Bg4 14. h3
Bh5 15. Rb1 Rad8 16. Be3 Bg6 17. Nd2 Kh8 18. Qb3 Qa7 19. Qa3 a5 20. Rbc1
Nb4 21. Qa4 f5 22. a3 f4 23. Bxf4 Rxf4 24. axb4 cxb4 25. g3 Rff8 26. Kg2
Qd4 27. Qc2 d5 28. Be2 dxe4 29. Nb3 Qe5 30. Qc7 Bd6 31. Qxa5 Qxb2 32. Bc4
e3 33. Qa1 Rxf2+ 0-1

[Event "World Blitz 2023"]
[Site "Samarkand UZB"]
[Date "2023.12.30"]
[Round "12.33"]
[White "Grigoriants, Sergey"]
[Black "Zverev, Lev"]
[Result "1/2-1/2"]
[WhiteElo "2532"]
[BlackElo "2299"]
[EventDate "2023.12.29"]

1. e4 e5 2. Nf3 Nc6 3. Bb5 a6 4. Ba4 Nf6 5. O-O b5 6. Bb3 Bc5 7. Nc3 d6 8.
Nd5 Nd4 9. Nxd4 Bxd4 10. c3 Ba7 11. d4 c6 12. Nxf6+ Qxf6 13. Be3 O-O 14.
Qd2 Be6 15. dxe5 Bxe3 16. Qxe3 dxe5 17. Qc5 Bg4 18. f3 Bh5 19. Rfd1 Rad8
20. a4 h6 21. a5 Qg5 22. Kh1 Rd2 23. Rxd2 Qxd2 24. Rb1 Rd8 25. Qxe5 Bg6 26.
h3 Qf2 27. Qc7 Rd2 28. Rg1 Bh5 29. Qc8+ Kh7 30. Qf5+ Bg6 31. Qf4 Rxb2 32.
Bxf7 Bxf7 33. Qxf7 Qc5 34. Qb7 Qxc3 35. Qxa6 Ra2 36. Qc8 Rxa5 37. Qf5+ Kh8
38. Qf8+ Kh7 39. Qf5+ Kh8 40. Qc8+ Kh7 41. Qf5+ Kh8 1/2-1/2

[Event "World Blitz 2023"]
[Site "Samarkand UZB"]
[Date "2023.12.30"]
[Round "12.34"]
[White "Haldorsen, Benjamin"]
[Black "Mitrabha, Guha"]
[Result "0-1"]
[WhiteElo "2405"]
[BlackElo "2512"]
[EventDate "2023.12.29"]

1. e4 c6 2. d4 d5 3. Nd2 dxe4 4. Nxe4 Nf6 5. Nxf6+ gxf6 6. c3 h5 7. h4 Bf5
8. Be3 Nd7 9. Nf3 e6 10. g3 Nb6 11. Qb3 Qd5 12. Qxd5 cxd5 13. Bb5+ Kd8 14.
Nd2 Bd6 15. a4 a6 16. Be2 Ke7 17. a5 Nd7 18. Ra4 Rac8 19. O-O Bc2 20. Raa1
Bg6 21. Rfc1 Nb8 22. b3 Nc6 23. c4 Nb4 24. c5 Bc7 25. Ra4 Nc2 26. Nf1 e5
27. Bf3 Rhd8 28. Bd1 Nxd4 29. Bxd4 exd4 30. Rxd4 Be5 31. Rd2 d4 32. Bf3 Rc7
33. b4 Kf8 34. c6 bxc6 35. Rxc6 Rxc6 36. Bxc6 Rd6 37. b5 axb5 38. Bxb5 Rd5
39. Rb2 d3 40. Bc4 Rxa5 41. Rd2 Ra3 42. Ne3 Be4 43. Bd5 Ra1+ 0-1

[Event "World Blitz 2023"]
[Site "Samarkand UZB"]
[Date "2023.12.30"]
[Round "12.35"]
[White "Kuzubov, Yuriy"]
[Black "Orozbaev, Eldiar"]
[Result "0-1"]
[WhiteElo "2487"]
[BlackElo "2236"]
[EventDate "2023.12.29"]

1. d4 d5 2. c4 dxc4 3. Nf3 Nf6 4. e3 a6 5. Bxc4 b5 6. Be2 Bb7 7. O-O e6 8.
a4 b4 9. b3 Nbd7 10. Nbd2 Bd6 11. Bb2 O-O 12. Nc4 Ne4 13. Rc1 Bd5 14. Nfe5
Nxe5 15. dxe5 Be7 16. Qc2 Nc5 17. f3 Qb8 18. e4 Bb7 19. Bd4 Nd7 20. Rfd1 c5
21. Bb2 Rd8 22. Nd6 Bc6 23. Bc4 Nxe5 24. Bxe5 Bxd6 25. Rxd6 Rxd6 26. Be2
Rd1+ 27. Bxd1 Qxe5 28. Qxc5 Qxc5+ 29. Rxc5 Be8 30. Be2 a5 31. Kf2 Kf8 32.
e5 Ke7 33. Ke3 Bd7 34. h4 Kd8 35. g4 Rc8 36. Kd4 Rxc5 37. Kxc5 Kc7 38. Bb5
Bc8 39. f4 Bb7 40. f5 Bd5 41. Bc4 Bxc4 42. Kxc4 Kc6 43. h5 exf5 44. gxf5 g5
45. h6 g4 46. Kd4 g3 47. Ke3 Kd5 48. e6 fxe6 49. f6 Kd6 50. Kf3 e5 51. Kxg3
Ke6 52. Kf3 Kxf6 53. Ke4 Ke6 0-1

[Event "World Blitz 2023"]
[Site "Samarkand UZB"]
[Date "2023.12.30"]
[Round "12.36"]
[White "Holt, Conrad"]
[Black "Rakhmatullaev, Almas"]
[Result "0-1"]
[WhiteElo "2592"]
[BlackElo "2218"]
[EventDate "2023.12.29"]

1. d4 Nf6 2. c4 g6 3. Nc3 Bg7 4. e4 d6 5. Nf3 O-O 6. h3 Nbd7 7. Bg5 c6 8.
Be2 h6 9. Be3 e5 10. d5 cxd5 11. cxd5 Nc5 12. Nd2 a5 13. O-O b6 14. a3 a4
15. Bxc5 bxc5 16. Nxa4 Nd7 17. Bb5 f5 18. Nc4 Nf6 19. exf5 Bxf5 20. Nc3 Rb8
21. a4 g5 22. Ra3 h5 23. Qd2 g4 24. h4 Ne4 25. Nxe4 Bxe4 26. Re1 Rf4 27. g3
Bf3 28. Qa5 Qe7 29. Qd2 Rf5 30. Ne3 Rf7 31. Bd3 e4 32. Nc4 Bd4 33. Bc2 Qf6
34. Rf1 Rbf8 35. Rb3 Qe7 36. Rb6 Be5 37. Nxe5 Qxe5 38. a5 e3 39. Qxe3 Bxd5
40. Qxe5 dxe5 41. Rg6+ Kh8 42. Rh6+ Kg8 43. Rxh5 Bc4 44. Rg5+ Kh8 45. Rc1
Rxf2 46. Be4 Be2 47. Rh5+ Kg8 48. Rg5+ Kh8 49. Rxe5 c4 50. Rh5+ Kg7 51.
Rg5+ Kh8 52. a6 c3 53. bxc3 Bxa6 54. Rh5+ Kg8 55. Rg5+ Kh8 56. Rxg4 Re2 57.
c4 Bc8 58. Rg5 Rxe4 59. c5 Re2 60. c6 Rff2 61. Rh5+ Kg7 62. Rg5+ Kh6 63.
Kh1 Rh2+ 64. Kg1 Reg2+ 65. Kf1 Bh3 0-1

[Event "World Blitz 2023"]
[Site "Samarkand UZB"]
[Date "2023.12.30"]
[Round "12.37"]
[White "Iturrizaga Bonelli, Eduardo"]
[Black "Nasuta, Grzegorz"]
[Result "1-0"]
[WhiteElo "2645"]
[BlackElo "2467"]
[EventDate "2023.12.29"]

1. c4 c6 2. Nf3 d5 3. e3 Nf6 4. Qc2 a6 5. b3 Bg4 6. Bb2 e6 7. Be2 Bf5 8. d3
h6 9. Nbd2 Be7 10. O-O O-O 11. Rfe1 Bh7 12. Rad1 a5 13. a3 Na6 14. Qc3 b5
15. cxb5 cxb5 16. Qd4 Ne8 17. Ne5 Bf6 18. Rc1 Rc8 19. Qa7 Nb8 20. Rxc8 Qxc8
21. Qxa5 Bxe5 22. Bxe5 Nc6 23. Qc3 Qa8 24. Bg3 Nf6 25. d4 Rc8 26. Qb2 Ne7
27. Rc1 Rxc1+ 28. Qxc1 Qa5 29. Bd6 1-0

[Event "World Blitz 2023"]
[Site "Samarkand UZB"]
[Date "2023.12.30"]
[Round "12.38"]
[White "Piorun, Kacper"]
[Black "Nogerbek, Kazybek"]
[Result "0-1"]
[WhiteElo "2589"]
[BlackElo "2488"]
[EventDate "2023.12.29"]

1. d4 Nf6 2. Nf3 d5 3. e3 g6 4. b3 Bg7 5. Be2 c5 6. Bb2 Qa5+ 7. c3 cxd4 8.
exd4 O-O 9. O-O Nc6 10. Nbd2 Bf5 11. a4 Qc7 12. Re1 Rfd8 13. Bf1 h6 14. b4
Rac8 15. Nb1 Ne4 16. Nbd2 e5 17. b5 exd4 18. cxd4 Na5 19. Rc1 Qd6 20. Rxc8
Rxc8 21. Nxe4 Bxe4 22. Nd2 Qb4 23. Nxe4 Qxb2 24. Nd6 Rd8 25. Ne8 Bxd4 26.
Qf3 Kf8 27. Re2 Qc3 28. Qf4 Bg7 29. Nxg7 Kxg7 30. Re7 Qf6 31. Qc7 Rf8 32.
Rd7 Nc4 33. Rxd5 Nb6 34. Rd1 Nxa4 35. Qxb7 Qb6 36. Rd7 Nc5 37. Qxb6 axb6
38. Rc7 Rd8 39. g3 Rd6 40. Kg2 Rf6 41. Bc4 Ne4 42. f4 Nd6 43. Bd3 g5 44.
Rc6 Nb7 45. Rc7 Nc5 46. Be2 gxf4 47. g4 Ne6 48. Rc6 Nd4 49. Rxf6 Kxf6 50.
Bd3 Kg5 51. h4+ Kxh4 52. Be4 Nxb5 0-1

[Event "World Blitz 2023"]
[Site "Samarkand UZB"]
[Date "2023.12.30"]
[Round "12.39"]
[White "Zvjaginsev, Vadim"]
[Black "Galchenko, Matvey"]
[Result "1-0"]
[WhiteElo "2570"]
[BlackElo "2424"]
[EventDate "2023.12.29"]

1. Nf3 c5 2. e4 g6 3. c3 Bg7 4. d4 cxd4 5. cxd4 d5 6. exd5 Nf6 7. Nc3 Nxd5
8. Bc4 Nb6 9. Bb3 O-O 10. h3 Nc6 11. d5 Na5 12. O-O Nxb3 13. axb3 Bxc3 14.
bxc3 Qxd5 15. Qe2 Qxb3 16. Qxe7 Qe6 17. Qh4 f6 18. Bh6 Rd8 19. Rfe1 Qf7 20.
Ne5 Qc7 21. Qxf6 Nd5 22. Qh4 Bf5 23. c4 Nb4 24. g4 Rd4 25. Qf6 Rd6 26. Qg5
Bc2 27. Re3 Re6 28. Rae1 Rae8 29. Nxg6 hxg6 30. Rxe6 Rxe6 31. Rxe6 Nc6 32.
Rxg6+ Bxg6 33. Qxg6+ Kh8 34. Bg5 1-0

[Event "World Blitz 2023"]
[Site "Samarkand UZB"]
[Date "2023.12.30"]
[Round "12.40"]
[White "Gareyev, Timur"]
[Black "Urazayev, Arystanbek"]
[Result "1-0"]
[WhiteElo "2569"]
[BlackElo "2408"]
[EventDate "2023.12.29"]

1. d4 d5 2. c4 e6 3. Nc3 h6 4. Bf4 Nf6 5. e3 Bd6 6. Be5 dxc4 7. Nf3 O-O 8.
Qc2 a6 9. g4 Nd5 10. Bxc4 Nc6 11. g5 hxg5 12. h4 Bxe5 13. dxe5 g4 14. Ng5
g6 15. O-O-O Nxe5 16. Bxd5 exd5 17. Nxd5 c6 18. Nf4 Qf6 19. Ne4 Qf5 20. Rd6
Be6 21. Qa4 b5 22. Qd4 c5 23. Nxc5 Rac8 24. b4 a5 25. a3 axb4 26. axb4 Ra8
27. h5 g5 28. Nfxe6 fxe6 29. h6 Kh7 30. Rd7+ Kh8 31. Nb7 Rac8+ 32. Nc5 Rf7
33. Rxf7 Qxf7 34. Qxe5+ Kh7 35. Qe4+ Kh8 36. Qd4+ Kh7 37. Qd3+ Kh8 38. Qc3+
Kh7 39. Qc2+ Kh8 40. Qb2+ Kh7 41. Qb1+ Kh8 42. Qa1+ Kh7 43. Qa6 Rc7 44. Qd6
Ra7 45. Qd3+ Kh8 46. Qd4+ Kh7 47. Qg7+ Qxg7 48. hxg7+ Kxg7 49. Kb2 Rf7 50.
Nxe6+ Kg6 51. Rh2 Kf5 52. Nd4+ Ke4 53. Rg2 Kd3 54. Nxb5 Rb7 55. Rxg4 Rxb5
56. Kb3 Rf5 57. Ka4 Rxf2 58. Rxg5 Kc4 59. Rg4+ Kd5 60. Rd4+ Kc6 61. Rc4+
Kb6 62. Rc3 Ra2+ 63. Kb3 Rh2 64. e4 Re2 65. Rc4 Re3+ 66. Ka4 Re1 67. Rd4
Ra1+ 68. Kb3 Re1 69. Kc4 Rb1 70. Kd5 1-0

[Event "World Blitz 2023"]
[Site "Samarkand UZB"]
[Date "2023.12.30"]
[Round "12.41"]
[White "Henriquez Villagra, Cristobal"]
[Black "Grebnev, Aleksey"]
[Result "0-1"]
[WhiteElo "2568"]
[BlackElo "2404"]
[EventDate "2023.12.29"]

1. g3 c5 2. Bg2 Nc6 3. e4 g6 4. d3 Bg7 5. f4 e6 6. Nf3 Nge7 7. O-O O-O 8.
c3 b6 9. Be3 d5 10. Bf2 Ba6 11. e5 Rc8 12. Re1 b5 13. Bxc5 Nxe5 14. Nxe5
Rxc5 15. d4 Rc8 16. a3 Nf5 17. Nd2 Nd6 18. Nd3 Qb6 19. Nb3 Ne4 20. Bxe4
dxe4 21. Ndc5 Rfd8 22. Nxa6 Qxa6 23. Rxe4 Qc6 24. Nd2 a5 25. Re3 b4 26.
axb4 axb4 27. Nf3 bxc3 28. bxc3 Qb6 29. Qb1 Qd6 30. Ra2 Qd5 31. Rb2 Ra8 32.
Kg2 Rdc8 33. Rb3 h6 34. h4 Qc4 35. Rb4 Ra2+ 36. Kg1 Qd5 37. Rb8 Rxb8 38.
Qxb8+ Kh7 39. Qb1 Qa5 40. Qd3 Qa3 41. Re1 Qb2 42. Qf1 Qxc3 43. Rd1 Qe3+ 44.
Kh1 Rf2 0-1

[Event "World Blitz 2023"]
[Site "Samarkand UZB"]
[Date "2023.12.30"]
[Round "12.42"]
[White "Pingin, Artem"]
[Black "Paravyan, David"]
[Result "1/2-1/2"]
[WhiteElo "2358"]
[BlackElo "2566"]
[EventDate "2023.12.29"]

1. e4 e5 2. Nf3 Nf6 3. Nxe5 d6 4. Nf3 Nxe4 5. d4 d5 6. Bd3 Bd6 7. c4 c6 8.
O-O O-O 9. Re1 Bf5 10. Qb3 Qd7 11. Nc3 Nxc3 12. Bxf5 Qxf5 13. bxc3 b6 14.
cxd5 cxd5 15. Qb5 Qd7 16. a4 Qxb5 17. axb5 a5 18. bxa6 Nxa6 19. Bd2 Nc7 20.
Kf1 f6 21. g3 Kf7 22. Nh4 Rxa1 23. Rxa1 Ke6 24. Re1+ Kd7 25. Nf5 Ne6 26.
Ne3 Nc7 27. Nf5 Ne6 28. Ne3 Kc6 29. Ke2 Ng5 30. Ra1 Ne4 31. Ra7 g6 32. Rxh7
Ra8 33. f3 Nxd2 34. Kxd2 b5 35. Nc2 g5 36. Kd3 Rf8 37. Ne3 f5 38. Rh6 f4
39. Ng4 fxg3 40. Ne5+ Kc7 41. Rh7+ Kc8 42. hxg3 Bxe5 43. dxe5 Rxf3+ 44. Kd4
Rxg3 45. e6 Kd8 46. Rd7+ Ke8 47. Rxd5 Ke7 48. Ke5 Rxc3 49. Rxb5 g4 50. Rb7+
Ke8 51. Rg7 g3 52. Kf6 Rf3+ 53. Ke5 Kf8 54. Rg4 Ra3 55. Kf4 Ra4+ 56. Kxg3
Ra5 57. Kf4 Ke7 58. Rg6 Rb5 59. Ke4 Ra5 60. Rh6 Rb5 1/2-1/2

[Event "World Blitz 2023"]
[Site "Samarkand UZB"]
[Date "2023.12.30"]
[Round "12.43"]
[White "Fayzullaev, Akmal"]
[Black "Ponkratov, Pavel"]
[Result "1-0"]
[WhiteElo "2342"]
[BlackElo "2547"]
[EventDate "2023.12.29"]

1. d4 e6 2. Nf3 c5 3. c3 Nc6 4. e4 d5 5. exd5 Qxd5 6. Be2 cxd4 7. cxd4 Nf6
8. O-O Bd6 9. Nc3 Qa5 10. a3 O-O 11. Bd3 Rd8 12. Bc2 Qh5 13. h3 b6 14. Be3
Bb7 15. Qe2 Ne7 16. Bd1 Rac8 17. Rc1 Ned5 18. Bd2 Nf4 19. Bxf4 Bxf4 20. Rc2
Bb8 21. Qe3 Qf5 22. Ne5 h6 23. Re1 Qg5 24. f4 Qh4 25. Rf2 Nd5 1-0

[Event "World Blitz 2023"]
[Site "Samarkand UZB"]
[Date "2023.12.30"]
[Round "12.44"]
[White "Seemann, Jakub"]
[Black "Ivic, Velimir"]
[Result "0-1"]
[WhiteElo "2332"]
[BlackElo "2542"]
[EventDate "2023.12.29"]

1. e4 c5 2. Nf3 d6 3. Bb5+ Nd7 4. O-O a6 5. Bd3 e6 6. c3 Ngf6 7. Bc2 b5 8.
d4 Bb7 9. Re1 Be7 10. Nbd2 cxd4 11. cxd4 O-O 12. Nf1 Rc8 13. Ng3 a5 14. Bd2
b4 15. Bd3 Qb6 16. Qe2 Rfe8 17. a3 b3 18. Bc3 a4 19. Bb4 Bf8 20. e5 Bxf3
21. Qxf3 dxe5 22. Bxf8 e4 23. Nxe4 Rxf8 24. Rad1 Rfd8 0-1

[Event "World Blitz 2023"]
[Site "Samarkand UZB"]
[Date "2023.12.30"]
[Round "12.45"]
[White "Begmuratov, Khumoyun"]
[Black "Savchenko, Boris"]
[Result "1-0"]
[WhiteElo "2276"]
[BlackElo "2513"]
[EventDate "2023.12.29"]

1. e4 c5 2. Nf3 d6 3. d4 cxd4 4. Qxd4 Nf6 5. Be2 Nc6 6. Qe3 d5 7. e5 d4 8.
Qf4 Nd5 9. Qg3 Bf5 10. Na3 e6 11. O-O Bg6 12. Bg5 Qb8 13. Nb5 Bc5 14. Rad1
Bxc2 15. Rd2 Bg6 16. Rc1 a6 17. Nd6+ Bxd6 18. exd6 f6 19. Nxd4 Nxd4 20.
Rxd4 fxg5 21. Rxd5 O-O 22. Rxg5 Qd8 23. Bd3 Bxd3 24. Rxg7+ Kh8 25. Rcc7 Qf6
26. h4 Bf5 27. h5 e5 28. Rge7 Rg8 29. Qxe5 Qxe5 30. Rxe5 Raf8 31. Ree7 Rg5
32. d7 Rgg8 33. Rxb7 Bh3 34. Kh2 Bg4 35. d8=Q 1-0

[Event "World Blitz 2023"]
[Site "Samarkand UZB"]
[Date "2023.12.30"]
[Round "12.46"]
[White "Sapenov, Daniyal"]
[Black "Khusnutdinov, Rustam"]
[Result "0-1"]
[WhiteElo "2289"]
[BlackElo "2499"]
[EventDate "2023.12.29"]

1. e4 d5 2. exd5 Qxd5 3. Nc3 Qa5 4. Nf3 Nf6 5. Bc4 Bf5 6. O-O e6 7. d4 Bb4
8. Ne2 Nbd7 9. Ng3 Bg6 10. c3 Bd6 11. Qe2 O-O 12. Rd1 Rfe8 13. Nh4 c6 14.
Nxg6 hxg6 15. Qc2 Rad8 16. a4 c5 17. Be3 Qc7 18. Qe2 cxd4 19. Bxd4 Bc5 20.
Ba2 Bxd4 21. Rxd4 Nc5 22. Rad1 Rxd4 23. Rxd4 Rd8 24. Qe3 b6 25. h3 a5 26.
Qd2 Rxd4 27. Qxd4 Qd7 28. Qf4 Qd1+ 29. Kh2 Qxa4 30. Bc4 Nfd7 31. Qh4 Nf8
32. Qd4 Qd7 33. Qe5 Qd8 34. b4 axb4 35. cxb4 Ncd7 36. Qd6 Qb8 37. Qe7 Qe5
38. Ba6 Nf6 39. Qb7 Qd4 40. Kg1 Qxb4 41. Qc7 Qc5 42. Qb8 Qc1+ 43. Nf1 Qc5
44. Qb7 Nd5 45. Bd3 Qc7 46. Qa6 Nb4 47. Qb5 Nxd3 48. Qxd3 Nd7 49. Qb5 Nf6
50. Ne3 Qc5 51. Qa6 b5 52. Qa5 Qc6 53. Qd8+ Kh7 54. Qd4 Qb7 55. Qb4 Qb8 56.
g3 Nd5 57. Nxd5 exd5 58. h4 d4 59. Qxd4 b4 60. Qb2 b3 61. g4 Qb4 62. f3 Qc4
63. h5 Qc2 64. hxg6+ fxg6 65. Qe5 b2 0-1

[Event "World Blitz 2023"]
[Site "Samarkand UZB"]
[Date "2023.12.30"]
[Round "12.47"]
[White "Bryakin, Mikhail"]
[Black "Abdurakhmonov, Mukhammadali"]
[Result "0-1"]
[WhiteElo "2495"]
[BlackElo "2214"]
[EventDate "2023.12.29"]

1. d4 Nf6 2. Nc3 d5 3. Bf4 a6 4. e3 e6 5. g4 b5 6. g5 Nfd7 7. Qg4 c5 8.
O-O-O b4 9. Na4 cxd4 10. exd4 Nc6 11. Qg3 Ra7 12. Nf3 Qa5 13. b3 Be7 14.
Bd3 Nb6 15. Bc7 Bd8 16. Bxd8 Nxd8 17. Nxb6 Qxb6 18. h4 a5 19. h5 a4 20. g6
axb3 21. axb3 fxg6 22. hxg6 h6 23. Kd2 O-O 24. Rh4 Nc6 25. Rf4 Qd8 26. Re1
Rxf4 27. Qxf4 Qf8 28. Ke3 Ba6 29. Qxf8+ Kxf8 30. Ra1 Bxd3 31. Rxa7 Nxa7 32.
Kxd3 Ke7 33. c3 Kf6 34. Ne5 bxc3 35. Kxc3 Nb5+ 36. Kd3 h5 37. Ke3 Kf5 38.
b4 h4 39. f3 h3 40. Ng4 Kxg6 41. Nh2 Kf5 42. Ng4 Kg5 43. Nh2 Kh4 44. Nf1 g5
45. Kd3 g4 46. fxg4 Kxg4 47. Ke3 Nd6 48. Kf2 Kf4 49. Nh2 Nb5 50. Nf3 Nc3
51. Nh2 Ne4+ 52. Ke2 Kg3 53. Nf1+ Kg2 54. Ne3+ Kg1 55. Ng4 Nd6 56. Kf3 h2
57. Nxh2 Kxh2 58. Kf4 Nc4 59. Kg5 Kg3 60. Kf6 Kf4 61. Kxe6 Ke4 62. b5 Kxd4
63. Kf5 Kc5 64. Kf4 Kxb5 0-1

[Event "World Blitz 2023"]
[Site "Samarkand UZB"]
[Date "2023.12.30"]
[Round "12.48"]
[White "Markov, Mikhail"]
[Black "Kezin, Roman"]
[Result "0-1"]
[WhiteElo "2255"]
[BlackElo "2492"]
[EventDate "2023.12.29"]

1. c4 e6 2. Nf3 d5 3. g3 Nf6 4. Bg2 d4 5. O-O c5 6. d3 Nc6 7. e3 Bd6 8. a3
a5 9. a4 dxe3 10. Bxe3 O-O 11. Nc3 h6 12. Nb5 Be7 13. d4 Ng4 14. d5 Nxe3
15. fxe3 exd5 16. cxd5 Nb4 17. e4 Bg4 18. Qd2 Bxf3 19. Bxf3 Bf6 20. e5 Bxe5
21. d6 Bd4+ 22. Kh1 Rb8 23. Rad1 Be5 24. Qe3 Bxb2 25. Qxc5 b6 26. Qc4 Qd7
27. Qc7 Qe6 28. Rde1 Qb3 29. d7 Bf6 30. Qxb8 Rxb8 31. Re8+ Kh7 32. Rxb8 Qd3
33. Kg2 g6 34. Rd1 Qc2+ 35. Kh1 Qf2 36. Ba8 Qe2 37. d8=Q Bxd8 38. Rbxd8 Kg7
39. Bg2 Qc2 40. Rf1 Nd3 41. Rd7 Ne5 42. Re7 Qc5 43. Rc7 Qb4 44. Bd5 Qxa4
45. Bxf7 Qe4+ 46. Kg1 Qe3+ 47. Rf2 h5 48. Bd5+ Kh6 49. Kg2 Nd3 50. Ra2 Nb4
51. Nd6 Nxd5 52. Nf7+ Kg7 53. Ra7 Qe4+ 54. Kh3 Qf5+ 55. Kg2 Ne3+ 0-1

[Event "World Blitz 2023"]
[Site "Samarkand UZB"]
[Date "2023.12.30"]
[Round "12.50"]
[White "Demchenko, Anton"]
[Black "Sattarov, Bobir"]
[Result "1-0"]
[WhiteElo "2545"]
[BlackElo "2351"]
[EventDate "2023.12.29"]

1. e4 e5 2. Nf3 Nc6 3. Bc4 Bc5 4. c3 Qf6 5. d3 h6 6. b4 Bb6 7. Na3 d6 8.
Bb3 a6 9. Nc4 Ba7 10. Be3 Nge7 11. Bxa7 Rxa7 12. Ne3 O-O 13. O-O Ra8 14. a4
Ng6 15. g3 Bh3 16. Re1 Nce7 17. a5 Rad8 18. Nd2 Be6 19. Bxe6 fxe6 20. Qe2
Qg5 21. Kh1 Rf7 22. Nf3 Qh5 23. Ng1 Qg5 24. f3 Rdf8 25. Rab1 Nc6 26. Rf1
Qd8 27. Qa2 Qd7 28. Qa4 d5 29. Nc2 h5 30. Kg2 h4 31. Rf2 Kh8 32. Qb3 Nce7
33. Rbf1 c6 34. Nh3 Ng8 35. Ne3 Qd8 36. Qc2 Nf6 37. c4 Nh5 38. Ng4 hxg3 39.
hxg3 Nh4+ 40. gxh4 Qxh4 41. Rh1 Qg3+ 42. Kf1 Rxf3 43. Ng1 Rxf2+ 44. Nxf2
Qg5 45. Qe2 g6 46. Nf3 Qf4 47. Rh3 Kg7 48. Qd2 Qf6 49. Qg5 dxc4 50. dxc4
Rd8 51. Rxh5 Qxf3 52. Qe7+ Qf7 53. Rh7+ 1-0

[Event "World Blitz 2023"]
[Site "Samarkand UZB"]
[Date "2023.12.30"]
[Round "12.51"]
[White "Zeng, Chongsheng"]
[Black "Amilal, Munkhdalai"]
[Result "0-1"]
[WhiteElo "2504"]
[BlackElo "2293"]
[EventDate "2023.12.29"]

1. e4 c5 2. Nf3 Nc6 3. d4 cxd4 4. Nxd4 Qc7 5. Nc3 e6 6. Be3 a6 7. Qd2 b5 8.
Nxc6 dxc6 9. O-O-O Be7 10. f3 Nf6 11. g4 Bb7 12. Qf2 c5 13. g5 Nd7 14. h4
b4 15. Ne2 Nb6 16. Kb1 a5 17. Nc1 a4 18. Bb5+ Bc6 19. Bxc5 Bxb5 20. Bxb6
Qc6 21. Bd4 O-O 22. h5 b3 23. cxb3 axb3 24. Nxb3 Bc4 25. Nc1 Bxg5 26. Rhg1
f6 27. b3 Ba6 28. Bb2 Rfc8 29. Nd3 Bxd3+ 30. Rxd3 Qa6 31. Rc3 Qxa2+ 32. Kc2
Rxc3+ 33. Kxc3 Rc8+ 0-1

[Event "World Blitz 2023"]
[Site "Samarkand UZB"]
[Date "2023.12.30"]
[Round "12.52"]
[White "Xu, Xiangyu"]
[Black "Kakabayev, Mergen"]
[Result "0-1"]
[WhiteElo "2491"]
[BlackElo "2255"]
[EventDate "2023.12.29"]

1. d4 d5 2. c4 c6 3. Nf3 Nf6 4. Qc2 e6 5. g3 Nbd7 6. Bg2 Bd6 7. O-O O-O 8.
Nbd2 Re8 9. b3 e5 10. dxe5 Nxe5 11. Bb2 Bg4 12. Rfe1 Bh5 13. Nh4 dxc4 14.
Nxc4 Nxc4 15. Qxc4 Be5 16. Bxe5 Rxe5 17. e4 Qb6 18. h3 Rae8 19. Rac1 Bg6
20. Nxg6 hxg6 21. Rcd1 g5 22. Re2 a5 23. Kf1 g6 24. Rd6 Kg7 25. Qc3 Qb4 26.
Qxb4 axb4 27. f4 gxf4 28. gxf4 Ra5 29. Bf3 Rea8 30. e5 Ng8 31. Rd7 Kf8 32.
Rxb7 Rxa2 33. Bxc6 Ra1+ 34. Kf2 Rc8 35. Be4 Rc3 36. Rxb4 Rxh3 37. Rd2 Nh6
38. e6 Ng4+ 39. Kg2 Rh2+ 40. Kg3 Rxd2 41. Kxg4 f5+ 42. Kg5 fxe4 43. Kf6 Ra8
44. Rxe4 Rg2 45. Rd4 Ke8 46. Rd7 Ra5 47. Re7+ Kd8 48. Rd7+ Kc8 49. Rd4 Rf5+
50. Ke7 Re2 51. Rd8+ Kc7 52. Rg8 Rxf4 53. Rxg6 Rb4 54. Rg3 Rb6 55. Rg6 Rxb3
56. Rf6 Rh3 57. Kf8 Rh8+ 58. Kg7 Re8 59. Kf7 Kd8 0-1